| Tag |
First Indicator |
Second Indicator |
Subfields |
| LEADER |
00000cam a22000008i 4500 |
| 001 |
in00000481021 |
| 005 |
20151013060517.0 |
| 008 |
750821r19761893nyu 00110 eng |
| 010 |
|
|
|a 75018476
|
| 020 |
|
|
|a 0405075588
|
| 035 |
|
|
|a (OCoLC)01622120
|
| 035 |
|
|
|9 ACC8119AM
|
| 040 |
|
|
|a DLC
|c DLC
|d TXA
|d UtOrBLW
|
| 049 |
|
|
|a TXAM
|c [1106667]
|
| 050 |
0 |
0 |
|a HF5681.D5
|b M4 1976
|
| 082 |
0 |
|
|a 657/.42
|
| 100 |
1 |
|
|a Matheson, Ewing.
|
| 245 |
1 |
4 |
|a The depreciation of factories, mines, and industrial undertakings and their valuation /
|c by Ewing Matheson.
|
| 264 |
|
1 |
|a New York :
|b Arno Press,
|c 1976.
|
| 300 |
|
|
|a x, 143 pages ;
|c 23 cm.
|
| 336 |
|
|
|a text
|b txt
|2 rdacontent
|
| 337 |
|
|
|a unmediated
|b n
|2 rdamedia
|
| 338 |
|
|
|a volume
|b nc
|2 rdacarrier
|
| 490 |
1 |
|
|a The History of accounting
|
| 500 |
|
|
|a Reprint of the 1893 edition published by E. & F. N. Spon, London.
|
| 500 |
|
|
|a Includes index.
|
| 650 |
|
0 |
|a Depreciation.
|
| 650 |
|
0 |
|a Factories
|x Accounting.
|
| 650 |
|
0 |
|a Factories
|x Valuation.
|
| 830 |
|
0 |
|a History of accounting.
|
| 999 |
|
|
|a MARS
|
| 999 |
f |
f |
|s b1cec254-988c-30b2-9464-2fea68591d02
|i 9de607dc-5104-38d9-946f-9141c4faab05
|t 0
|
| 952 |
f |
f |
|p ric
|a Texas A&M University
|b Rellis Campus
|c Joint Library Facility
|d Remote Storage
|t 0
|e HF5681.D5 M4 1976
|h Library of Congress classification
|i unmediated -- volume
|m A14802841700
|
| 998 |
f |
f |
|a HF5681.D5 M4 1976
|t 0
|l Remote Storage
|